UBT Library

Understanding Civil War - Africa (Record no. 507)

000 -LEADER
fixed length control field 00519nam a22001817a 4500
008 - FIXED-LENGTH DATA ELEMENTS--GENERAL INFORMATION
fixed length control field 140923b xxu||||| |||| 00| 0 eng d
020 ## - INTERNATIONAL STANDARD BOOK NUMBER
International Standard Book Number 0821360477
041 #0 - LANGUAGE CODE
Language code of text/sound track or separate title eng
080 ## - UNIVERSAL DECIMAL CLASSIFICATION NUMBER
Universal Decimal Classification number 355.425
Common auxiliary subdivision (6)
100 1# - Rafti
Rafti Collier, Paul
245 10 - TITLE STATEMENT
Title Understanding Civil War - Africa
260 ## -
-- Washington :
-- World Bank Publications ;
-- 2005.
300 ## -
-- 353 f.:
-- me il.;
-- 23 cm.
500 ## -
-- Preface: f. XIII-XV
505 ## -
-- Index: f. 339-353
650 #0 -
-- Lufta
-- Afrika
942 ## - ADDED ENTRY ELEMENTS (KOHA)
Source of classification or shelving scheme
Item type Books
Holdings
Withdrawn status Lost status Source of classification or shelving scheme Damaged status Not for loan Collection code Permanent location Current location Shelving location Date acquired Total Checkouts Full call number Barcode Date last seen Koha item type
          Koleksioni i përgjithshem UBT - Prishtine UBT - Prishtine Koleksioni i përgjithshem 09/24/2014   355.425(6)UND 001-000579 09/24/2014 Books
UBT Library © 2015-2024. All rights reserved University Education for Business and Technology